Нарушение развития потомства морского ежа как показатель загрязнения среды; Экология; № 6

Dades bibliogràfiques
Parent link:Экология/ Российская академия наук (РАН), Уральское отделение (УрО).— , 1996-.— 0367-0597
№ 6.— 2003.— С. 459-465
Autor principal: Ващенко М. А.
Altres autors: Жадан П. М.
Idioma:rus
Publicat: 2003
Matèries:
Format: Capítol de llibre
KOHA link:https://koha.lib.tpu.ru/cgi-bin/koha/opac-detail.pl?biblionumber=458391

MARC

LEADER 00000naa2a2200000 4500
001 458391
005 20231101085007.0
035 |a (RuTPU)RU\TPU\prd\122072 
035 |a RU\TPU\prd\22048 
090 |a 458391 
100 |a 20111011a2003 k y0rusy50 ca 
101 0 |a rus 
102 |a RU 
200 1 |a Нарушение развития потомства морского ежа как показатель загрязнения среды  |f М. А. Ващенко, П. М. Жадан 
320 |a Библиогр.: 27 назв. 
461 1 |0 (RuTPU)RU\TPU\prd\469  |x 0367-0597  |t Экология  |f Российская академия наук (РАН), Уральское отделение (УрО)  |d 1996- 
463 1 |0 (RuTPU)RU\TPU\prd\122062  |t № 6  |v С. 459-465  |d 2003 
610 1 |a эмбриогенез 
610 1 |a биомониторинг 
610 1 |a биоиндикаторы 
610 1 |a биомаркеры 
610 1 |a тяжёлые металлы 
675 |a 593.952:591.46  |v 3 
700 1 |a Ващенко  |b М. А. 
701 1 |a Жадан  |b П. М. 
801 1 |a RU  |b 63413507  |c 20040130  |g PSBO 
801 2 |a RU  |b 63413507  |c 20111011  |g RCR 
942 |c BK